THINKING THROUGH METHODS A SOCIAL SCIENC (Record no. 31378)
[ view plain ]
| 000 -LEADER | |
|---|---|
| fixed length control field | 00345nam a2200133Ia 4500 |
| 008 - FIXED-LENGTH DATA ELEMENTS--GENERAL INFORMATION | |
| fixed length control field | 240624s9999 xx 000 0 und d |
| 041 ## - LANGUAGE CODE | |
| Language code of text/sound track or separate title | eng |
| 082 ## - DEWEY DECIMAL CLASSIFICATION NUMBER | |
| Classification number | 301.072 MAR |
| 100 ## - MAIN ENTRY--PERSONAL NAME | |
| Personal name | MARTIN JOHN LEVI |
| 245 ## - TITLE STATEMENT | |
| Title | THINKING THROUGH METHODS A SOCIAL SCIENC |
| 260 ## - PUBLICATION, DISTRIBUTION, ETC. | |
| Date of publication, distribution, etc. | 2017 |
| Name of publisher, distributor, etc. | The University Of Chicago Press |
| 300 ## - PHYSICAL DESCRIPTION | |
| Extent | 280 p. |
| 365 ## - TRADE PRICE | |
| Currency code | |
| Price amount | 25 |
| Withdrawn status | Lost status | Damaged status | Not for loan | Home library | Current library | Shelving location | Date acquired | Cost, normal purchase price | Total Checkouts | Full call number | Barcode | Date last seen | Date last checked out | Copy number | Price effective from | Koha item type |
|---|---|---|---|---|---|---|---|---|---|---|---|---|---|---|---|---|
| IMTN | IMTN | Rack 5-A | 11/21/2018 | 30.00 | 1 | 301.072 MAR | 31378 | 07/12/2024 | 07/06/2024 | 77.3 | 06/24/2024 | Books |